| 000 | 03036nkm0a2200505 4500 | ||
|---|---|---|---|
| 001 | RU\NLR\BIBL_A\022648399 | ||
| 005 | 20260406000700.0 | ||
| 035 | _a(NLR Aleph) 022648399 | ||
| 071 | 5 | 0 |
_d50 коп. _912000 |
| 090 |
_a88977 _c88977 |
||
| 100 | _a20251020d1942 u y0rusy50 ca | ||
| 101 | 0 |
_arus _akaz |
|
| 102 | _aRU | ||
| 116 | _aiiycxx bf ad | ||
| 135 | _acrcn 024anaba | ||
| 181 | 0 |
_ab4 _bxb2e |
|
| 182 | 0 | _an | |
| 200 | 1 |
_aСдачей теплых вещей и белья усилим помощь фронту! _dЖылы зат пен iшкиiм берiп, байданға көмегiмiздi күшейтейiк _e[плакат] |
|
| 203 |
_aИзображение _bнеподвижное _bдвухмерное _bвизуальное _cнепосредственное |
||
| 210 |
_aАлма-Ата _cИздание Казахского Объединенного Государственного Издательства _d1942 _eАлма-Ата _gГостипография № 1 |
||
| 215 |
_a1 л. _cхромолитогр. _d45,9х59,5 |
||
| 300 | _aНа изобр. слева внизу факс. подписи художника и дата: "Абылхан Кастеев 1942" | ||
| 300 | _aВ вып. дан.: Сдано в производство и подписано к печати 9/I - 42 г. УГ от 8/I - 42 г.; Заказ № 64 | ||
| 325 | _aКопия доступна в Электрон. б-ке РНБ | ||
| 540 | 1 |
_aЖылы зат пен iшкиiм берiп, байданға көмегiмiздi күшейтейiк _zkaz |
|
| 606 | 1 |
_aПлакат русский советский _z1941 - 1945 _2nlr_sh2 _3RU\NLR\AUTH\661423877 _92387198 |
|
| 606 | 1 |
_aВеликая Отечественная война _z1941 - 1945 _xЕдинство фронта и тыла _yКазахская ССР _jПлакаты _2nlr_sh1 _3RU\NLR\AUTH\66188632 _91239228 |
|
| 686 | _aЩ153(2Р=Рус)7-466 | ||
| 700 | 1 |
_aКастеев _bА. _f1904-1973 _gАбылхан _4040 |
|
| 712 | 0 | 2 |
_aКазахское объединенное государственное издательство _cАлма-Ата _3RU\NLR\AUTH\880634715 _4650 _92685762 |
| 712 | 0 | 2 |
_aГосударственная типография _c1; Алма-Ата _3RU\NLR\AUTH\880634716 _4610 _92685763 |
| 852 | 0 | 0 |
_aNLR _bЭ _jПлИр995/5-177 _mЭ034308 |
| 856 | 0 | _uhttps://vivaldi.nlr.ru/la000070865/view | |
| 856 | 1 | _uhttps://vivaldi.nlr.ru/la000070865/cover | |
| 856 | 2 | _uhttps://vivaldi.nlr.ru/la000070865/text | |
| 901 | _eИзографические материалы | ||
| 942 | _cVISUAL | ||
| 945 | _aРоссийская национальная библиотека | ||
| 980 | _aBV | ||
| 980 | _aNB | ||
| 981 | 1 | 7 |
_a(17) Изографические материалы _b(17) Плакаты |